[Event "Crema op 10th"]
[Site "Crema"]
[Date "2008.09.06"]
[Round "3"]
[White "Mattia, Ermanno"]
[Black "Acunzo, Domenico"]
[Result "1-0"]
[WhiteElo "1646"]
[BlackElo "1787"]
[PlyCount "131"]
[EventDate "2008.09.05"]
[EventType "swiss"]
[EventRounds "6"]
[EventCountry "ITA"]
[SourceTitle "EXT 2011"]
[Source "ChessBase"]
[SourceDate "2010.11.26"]
[SourceVersion "1"]
[SourceVersionDate "2010.11.26"]
[SourceQuality "1"]

1. e4 e6 2. d4 d5 3. exd5 exd5 4. Bd3 c5 5. dxc5 Bxc5 6. Nf3 Nf6 7. h3 0-0 8. 0-0 Nc6 9. c3 Qd6 10. Re1 Bxh3 11. gxh3 Qg3+ 12. Kh1 Qxh3+ 13. Nh2 Bxf2 14. Rf1 Bg3 15. Qe2 Bxh2 16. Bf5 Rae8 17. Qf2 Ne4 18. Bxh3 Nxf2+ 19. Rxf2 Re1+ 20. Rf1 Rxf1+ 21. Bxf1 Bd6 22. Be3 Re8 23. Bf2 Re5 24. Nd2 Rh5+ 25. Kg1 Rg5+ 26. Bg2 h5 27. Nf3 Rg4 28. Kh1 g5 29. Rd1 Ne7 30. Rd4 Rxd4 31. Bxd4 g4 32. Nd2 f5 33. Bxa7 f4 34. Bd4 f3 35. Nxf3 gxf3 36. Bxf3 Nf5 37. Bxd5+ Kh7 38. Bf2 b5 39. c4 bxc4 40. Bxc4 Ng3+ 41. Kg2 h4 42. a3 Kg6 43. b4 Kf5 44. Bc5 Bb8 45. Be7 Ne4 46. Bxh4 Kf4 47. Be7 Ke3 48. Bd5 Nc3 49. Bc6 Kd4 50. a4 Nd5 51. Bc5+ Kc4 52. Bxd5+ Kxd5 53. Kf3 Bc7 54. Kg4 Bd8 55. Kf5 Bc7 56. Be7 Bb6 57. Kf6 Kc6 58. Ke6 Bc7 59. b5+ Kb6 60. Kd7 Bg3 61. Bd8+ Kc5 62. b6 Kb4 63. a5 Kxa5 64. b7+ Ka6 65. Kc8 Ka7 66. Bc7 1-0

[Event "Crema op 10th"]
[Site "Crema"]
[Date "2008.09.06"]
[Round "4"]
[White "Mattia, Ermanno"]
[Black "Masotti, Roberto"]
[Result "0-1"]
[WhiteElo "1646"]
[BlackElo "1954"]
[PlyCount "90"]
[EventDate "2008.09.05"]
[EventType "swiss"]
[EventRounds "6"]
[EventCountry "ITA"]
[SourceTitle "EXT 2011"]
[Source "ChessBase"]
[SourceDate "2010.11.26"]
[SourceVersion "1"]
[SourceVersionDate "2010.11.26"]
[SourceQuality "1"]

1. e4 c5 2. Nf3 e6 3. d4 cxd4 4. Nxd4 Nc6 5. c4 Nf6 6. Nc3 Bb4 7. Nxc6 bxc6 8. Bd2 d5 9. cxd5 exd5 10. exd5 Qe7+ 11. Qe2 cxd5 12. a3 Ba5 13. b4 Bd8 14. Qxe7+ Bxe7 15. Bg5 h6 16. Bh4 Bd7 17. Nb5 0-0 18. Bd3 a5 19. bxa5 Rxa5 20. a4 Rfa8 21. Ke2 Rxa4 22. Rxa4 Rxa4 23. Bxf6 Bxf6 24. Rc1 Be5 25. g3 g5 26. Nc3 Ra5 27. Nd1 Kg7 28. Ne3 Kf6 29. Rb1 Be6 30. Rb6 Rc5 31. Ng4+ Kg7 32. Nxe5 g4 33. f3 h5 34. Rc6 Ra5 35. Rc2 Ra1 36. fxg4 hxg4 37. Ke3 Ra3 38. Nc6 Kf6 39. Nd4 Ke5 40. Nxe6 fxe6 41. Kd2 Kd4 42. Be2 e5 43. Bxg4 e4 44. Ke2 Re3+ 45. Kf2 Ra3 0-1